Cuaderno de la doble vida (1954-2021) /

Bibliographic Details
Main Author: Lastra, Pedro (Author)
Other Authors: Pellegrini, Marcelo (contributor agent of text.)
Format: Electronic eBook
Language:Spanish
Published: Bogotá, D.C. : Editorial Pontificia Universidad Javeriana, [2023]
Edition:Primera edición.
Series:Colección Poesía (Pontificia Universidad Javeriana)
Subjects:
Online Access:Digitalia Hispánica

MARC

LEADER 00000nam a2200000 i 4500
001 DIGEPUJ0429
003 NyNyDIG
007 cr |||||||||||
008 240112s2023 ck o 000 p spa d
006 m o d
035 |a (OCoLC)1415898777 
040 |a DGITA  |b eng  |e rda  |e pn  |c DGITA 
020 |a 9789587818031  |q (digital) 
020 |z 9789587818024  |q (impreso) 
024 7 |a 10.11144/Javeriana.9789587818031  |2 doi 
050 1 4 |a PQ8098.22.A78 ebook 
100 1 |a Lastra, Pedro,  |e author. 
245 1 0 |a Cuaderno de la doble vida (1954-2021) /  |c Pedro Lastra ; selección y prólogo de Marcelo Pellegrini. 
250 |a Primera edición. 
264 1 |a Bogotá, D.C. :  |b Editorial Pontificia Universidad Javeriana,  |c [2023] 
300 |a 1 online resource. 
336 |a text  |b txt  |2 rdacontent 
337 |a computer  |b c  |2 rdamedia 
338 |a online resource  |b cr  |2 rdacarrier 
347 |a text file  |2 rdaft 
347 |b EPUB 
490 1 |a Colección Poesía 
588 0 |a Online resource; title from ePub title page (Digitalia, viewed January 12, 2024) 
655 7 |a Poetry.  |2 lcgft 
700 1 |a Pellegrini, Marcelo,  |e contributor agent of text. 
791 2 |a Digitalia (Firm),  |e distributor. 
793 0 |g Digitalia eBook Collection:  |a Pontificia Universidad Javeriana 
776 0 8 |i Print version:  |a Lastra, Pedro.  |t Cuaderno de la doble vida (1954-2021).  |b Primera edición.  |d Bogotá, D.C. : Editorial Pontificia Universidad Javeriana, [2023]  |z 9789587818024 
830 0 |a Colección Poesía (Pontificia Universidad Javeriana) 
856 4 0 |3 Digitalia Hispánica  |u https://www.digitaliapublishing.com/a/133209/ 
910 |a Premium collection: 2024